000 01075cab a2200229 4500
001 ABS53400
008 090401t1995 xxu||||| |||| 00| 0 eng d
035 _a(Sirsi) u3934
041 _aeng
245 _aLeicester City Council v Leicestershire County Council
260 _c1995
350 _a0
490 _aEstates Gazette
_v1995 32 EG 12 August 1995, 74-79(5)
520 _aLT 12 April 1995. To determine whether firstly under s261 of the Highways Act 1980 the enhanced (better) value of the claimant`s adjoining landd should be taken into consideration in assessing compensation and secondly if question 1 was answered in the affirmative, should compensation be nil or the existing agricultural use value of £17,000. Compensation assessed at nil. S261(1)a of the 1980 Act applied.
650 _aBETTERMENT
650 _aCOMPENSATION
650 _aCompulsory purchase
_96228
650 _aHIGHWAYS ACT 180 S261
690 _aENVIRONMENTAL AND LAND CONSULTANCY-PLANNING AND DEVELOPMENT-COMPULSORY PURCHASE AND COMPENSATION
942 _n0
948 _c04/03/1997
999 _c2368
_d2368